Villes des États-Unis en 1970 - Statistiques

Statistiques générales
  • Ce quiz a été pris 71 fois
  • Le résultat moyen est 32 sur 65
Statistiques - réponses
Ville Population en 1970 État % Correct
New York 7 894 862 New York
100%
Los Angeles 2 811 801 Californie
97%
Chicago 3 366 957 Illinois
95%
Dallas 844 401 Texas
86%
Détroit 1 511 482 Michigan
86%
Miami 334 859 Floride
86%
San Francisco 715 674 Californie
85%
Washington D.C. 756 510 Aucun*
83%
Boston 641 071 Massachusetts
82%
Philadelphie 1 948 609 Pennsylvanie
82%
Seattle 530 831 Washington
80%
Houston 1 232 802 Texas
79%
La Nouvelle-Orléans 593 671 Louisiane
79%
Atlanta 495 039 Géorgie
77%
Denver 514 678 Colorado
76%
Phoenix 581 572 Arizona
74%
San Diego 696 769 Californie
74%
Indianapolis 744 624 Indiana
71%
Sacramento 257 105 Californie
68%
Austin 253 539 Texas
65%
San Antonio 654 153 Texas
65%
Baltimore 950 759 Maryland
64%
Portland 382 619 Oregon
64%
Charlotte 241 420 Caroline du Nord
59%
Oklahoma City 368 164 Oklahoma
59%
Memphis 623 988 Tennessee
58%
Jacksonville 528 865 Floride
56%
Honolulu 324 871 Hawaï
55%
Kansas City 507 330 Missouri
55%
Milwaukee 717 099 Wisconsin
55%
Cleveland 750 903 Ohio
53%
Minneapolis 434 400 Minnesota
53%
Nashville 448 003 Tennessee
52%
Saint-Louis 622 236 Missouri
50%
San Jose 459 913 Californie
48%
Albuquerque 244 501 Nouveau-Mexique
44%
Columbus 539 677 Ohio
44%
Tampa 277 714 Floride
44%
Cincinnati 452 525 Ohio
41%
El Paso 339 615 Texas
41%
Louisville 361 706 Kentucky
39%
Fort Worth 393 476 Texas
36%
Pittsburgh 520 117 Pennsylvanie
33%
Buffalo 462 768 New York
32%
Des Moines 201 404 Iowa
30%
Saint-Paul 309 980 Minnesota
30%
Tucson 262 933 Arizona
30%
Tulsa 331 638 Oklahoma
30%
Richmond 249 621 Virginie
29%
Oakland 361 561 Californie
27%
Long Beach 358 879 Californie
26%
Omaha 346 929 Nebraska
26%
Newark 381 930 New Jersey
23%
Wichita 276 554 Kansas
23%
Birmingham 300 910 Alabama
15%
Jersey City 260 350 New Jersey
15%
Toledo 383 318 Ohio
15%
Norfolk 307 951 Virginie
14%
Akron 275 425 Ohio
12%
San Juan 463 242 Aucun**
12%
Corpus Christi 204 525 Texas
11%
Rochester 296 233 New York
9%
Saint Petersburg 216 159 Floride
9%
Dayton 243 601 Ohio
8%
Yonkers 204 297 New York
5%
Aucun quiz correspondant
Distribution des résultats
% des personnes avec chaque résultat
Percentile par nombre de réponses
Votre historique - résultats
Vous n’avez pas pris ce quiz